| 000 | 00992pam a2200289 a 4500 | ||
|---|---|---|---|
| 999 |
_c6246 _d6246 |
||
| 001 | 1491546 | ||
| 003 | GZU | ||
| 005 | 20210420155445.0 | ||
| 008 | 880202s1988 enka b 001 0 eng | ||
| 010 | _a 88003194 | ||
| 020 |
_a0333930053 _c$34.95 |
||
| 040 |
_aDLC _cDLC _dDLC |
||
| 050 | 0 | 0 |
_aTS155 _b.MUH 1992 |
| 100 | 1 |
_aLockyer, K. G. _eauthor |
|
| 245 | 1 | 0 |
_aProduction and operations management / _cAlan Muhlemann, Keith Lockyer, John Oakland. |
| 250 | _a6th edition. | ||
| 260 |
_aLondon : _aDelhi : _bPitman ; _aNew York, NY : _bNichols, _bMacmillan India Ltd, _c1992. |
||
| 300 |
_ax, 576 p. : _bill. ; _c23 cm. |
||
| 500 | _aIncludes bibliographies and index. | ||
| 504 | _aIncludes bibliographies and index. | ||
| 650 | 0 | _aProduction management. | |
| 700 | 1 | _aMuhlemann, Alan. | |
| 700 | 1 | _aOakland, John S. | |
| 700 | 1 |
_aLockyer, K. G. _tFactory and production management. |
|
| 906 |
_a7 _bcbc _corignew _d1 _eocip _f19 _gy-gencatlg |
||
| 942 |
_2lcc _cBK _e6th edition _h155 _iMUH _kTS |
||